• 首页
  • 本馆介绍
  • 公告通知
  • 最新文献
  • 馆藏检索
  • 电子资源
  • 读者导购
  • 参考咨询
  • 我的图书馆
  • 登录
  • 详细信息显示
  • 放入我的书架
  • 预约/预借图书
  • 作者相关作品
  • 分类相关作品
  • 丛书相关作品
  • 出版社相关作品

书目信息

  • 表格格式
  • 工作单格式
  • 卡片格式
题名:
固体力学
    
 
作者: 沈新普 , 崔振山 , 徐秉业 编著
分册:  
出版信息: 北京   中国环境科学出版社  2003
页数: 274页
开本: 20cm
丛书名: 中国现代科学全书
单 册:
中图分类: O34
科图分类:
主题词:
电子资源:
ISBN: 7-80163-795-X
000 00905nam0 2200253 450
001 TS2006044240
005 20061205093013.20
010    @a7-80163-795-X@dCNY30.00
100    @a20060829d2003 em y0chiy0110 ea
101 0  @achi
102    @aCN@b110000
105    @aak z 000yy
200 1  @a固体力学@AGu Ti Li Xue@f徐秉业, 沈新普, 崔振山编著@FXu Bing Ye , Shen Xin Pu , Cui Zhen Shan Bian Zhu
210    @a北京@c中国环境科学出版社@d2003@h2005年5月第一次印刷
215    @a274页@c图@d20cm
225 2  @a中国现代科学全书@i力学
330    @a本书包括应力分析;应变分析;各向同性金属材料的屈服条件;广义虎克定律和塑性本构关系;蠕变力学基本方程和简单问题等内容。
410  0 @12001 @a中国现代科学全书
690    @aO34@v4
701  0 @a沈新普@AShen Xin Pu@4编著
701  0 @a崔振山@ACui Zhen Shan@4编著
701  0 @a徐秉业@AXu Bing Ye@4编著
801  0 @aCN@b中图数据@c20061205
905    @a10447@dO34@e43
    
    固体力学/徐秉业, 沈新普, 崔振山编著.-北京:中国环境科学出版社,2003(2005年5月第一次印刷)
    274页:图;20cm.-(中国现代科学全书.力学)
    
    
    ISBN 7-80163-795-X:CNY30.00
    本书包括应力分析;应变分析;各向同性金属材料的屈服条件;广义虎克定律和塑性本构关系;蠕变力学基本方程和简单问题等内容。
●
相关链接 在E读中查询图书 在五车中查询图书 在当当中查询图书 在豆瓣中查询图书


正题名:固体力学     索取号:O34/43         预约/预借

序号 登录号 条形码 馆藏地/架位号 状态 备注
1 0605335   206053358   第二样本阅览室/ [索取号:O34/43] 在馆    
2 0605336   206053367   第三借阅区/ [索取号:O34/43] 在馆    
3 0605337   206053376   第三借阅区/ [索取号:O34/43] 在馆    
4 0605338   206053385   第三借阅区/ [索取号:O34/43] 在馆    
5 0605339   206053394   第三借阅区/ [索取号:O34/43] 在馆    
唐山师范学院图书馆 欢迎您!
大连网信软件有限公司© 版权所有